LEADER 01248oas 2200421 450 001 9910711735903321 005 20190328090724.0 035 $a(CKB)5470000002486714 035 $a(OCoLC)621251942 035 $a(EXLCZ)995470000002486714 100 $a20100519b19uu19uu ua a 101 0 $aeng 135 $aur||||||||||| 181 $ctxt$2rdacontent 182 $cc$2rdamedia 183 $acr$2rdacarrier 200 10$aSpecimens of type faces in the United States Government Printing Office 210 1$a[Washington, D.C.] :$cUnited States Government Printing Office 215 $a1 online resource (volumes) 606 $aType and type-founding$zUnited States$vSpecimens 606 $aPrinting$vSpecimens 606 $aPrinting$2fast 606 $aType and type-founding$2fast 608 $aSpecimens.$2fast 615 0$aType and type-founding 615 0$aPrinting 615 7$aPrinting. 615 7$aType and type-founding. 801 0$bOCLCE 801 1$bOCLCE 801 2$bOCLCF 801 2$bOCLCO 801 2$bOCLCQ 801 2$bGPO 906 $aDOCUMENT 912 $a9910711735903321 996 $aSpecimens of type faces in the United States Government Printing Office$93281499 997 $aUNINA